| 000 | 00556nam a22001937a 4500 | ||
|---|---|---|---|
| 003 | SISC | ||
| 005 | 20160229135813.0 | ||
| 008 | 140108b xxu||||| |||| 00| 0 eng d | ||
| 020 | _a9789810187347 | ||
| 050 |
_aQ 88 _b.F674a 2009 |
||
| 100 |
_aFong, Joan _930639 |
||
| 245 |
_aScience matters : _bvolume A: express/normal A / _cJoan Fong. |
||
| 260 |
_aSingapore : _bMarshall Cavendish Education, _c2008. |
||
| 300 |
_a248 p. : _c27 cm. |
||
| 650 |
_aScience _xtechnology _930640 |
||
| 700 |
_aKwan, Lam Peng _930641 |
||
| 942 |
_2lcc _cBK |
||
| 999 |
_c42365 _d42365 |
||